Every Country Joshua Block has Visited - Statistics

General Stats
  • This quiz has been taken 90 times
    89 since last reset
  • The average score is 16 of 22
Answer Stats
Hint Answer % Correct
Lives in The United States of America
99%
Visited Mexico
92%
Visited Germany
91%
Visited France
89%
Visited The United Kingdom
89%
Visited Canada
88%
Visited Japan
88%
Banned from Italy
83%
Visited Spain
82%
Visited Ireland
78%
Visited Norway
76%
Visited Portugal
76%
Deported from The United Arab Emirates
70%
Visited Belgium
67%
Visited Poland
66%
Visited The Netherlands
66%
Visited Iceland
64%
Visited Greece
62%
Visited Luxembourg
49%
Visited The Bahamas
49%
Visited Dominican Republic
47%
Visited Costa Rica
41%
No matching quizzes found
Score Distribution
Percent of People with Each Score
Percentile by Number Answered
Your Score History
You have not taken this quiz since the last reset